Java performance tuning (Record no. 81)

MARC details
000 -LEADER
fixed length control field 00537nam a2200205Ia 4500
003 - CONTROL NUMBER IDENTIFIER
control field OSt
005 - DATE AND TIME OF LATEST TRANSACTION
control field 20220107122558.0
008 - FIXED-LENGTH DATA ELEMENTS--GENERAL INFORMATION
fixed length control field 130318s9999 xx 000 0 und d
020 ## - INTERNATIONAL STANDARD BOOK NUMBER
International Standard Book Number 8173662819
040 ## - CATALOGING SOURCE
Transcribing agency
082 ## - DEWEY DECIMAL CLASSIFICATION NUMBER
Classification number 005.133JM ECK/J
100 ## - MAIN ENTRY--PERSONAL NAME
Personal name Shirazi, Jack
9 (RLIN) 7420
245 ## - TITLE STATEMENT
Title Java performance tuning
260 ## - PUBLICATION, DISTRIBUTION, ETC.
Name of publisher, distributor, etc. Oreilly/Shroff Publishers and Distributors
Place of publication, distribution, etc. Mumbai
Date of publication, distribution, etc. 2000
300 ## - PHYSICAL DESCRIPTION
Extent 426
650 ## - SUBJECT ADDED ENTRY--TOPICAL TERM
Topical term or geographic name entry element JAVA
9 (RLIN) 7421
650 ## - SUBJECT ADDED ENTRY--TOPICAL TERM
Topical term or geographic name entry element OBJECT ORIENTED PROGRAMMING
9 (RLIN) 7422
650 ## - SUBJECT ADDED ENTRY--TOPICAL TERM
Topical term or geographic name entry element PROGRAMMING LANGUAGE
9 (RLIN) 7423
942 ## - ADDED ENTRY ELEMENTS (KOHA)
Source of classification or shelving scheme Dewey Decimal Classification
Koha item type Books
Holdings
Withdrawn status Lost status Source of classification or shelving scheme Damaged status Not for loan Collection code Home library Current library Date acquired Cost, normal purchase price Total Checkouts Full call number Barcode Date last seen Price effective from Koha item type
    Dewey Decimal Classification     Programming in JAVA Kerala University of Digital Sciences, Innovation and Technology Knowledge Centre Kerala University of Digital Sciences, Innovation and Technology Knowledge Centre 18/03/2013 191.00   005.133JM SHI/J 81 18/03/2013 18/03/2013 Archives